| 000 | 01166nam a2200313 i 4500 | ||
|---|---|---|---|
| 001 | 000009285 | ||
| 003 | DO-SdBNP | ||
| 005 | 20260407135404.0 | ||
| 008 | 090929s1977 dr 000 0 spa d | ||
| 020 | _a8484010090 | ||
| 040 |
_aDO-SdBNP _bspa _cBNPHU _erda |
||
| 041 | _aspa | ||
| 082 | 4 |
_a497.03 _bT266i _222 |
|
| 100 | 1 |
_aTejera, Emilio, _d1880-1968 _924008 _eautor _4aut. |
|
| 245 | 1 | 0 |
_aIndigenismos / _cEmilio Tejera ; presentación, Emilio Rodríguez Demorizi. |
| 264 |
_aSanto Domingo : _bSociedad Dominicana de Bibliófilos ; _bEditora de Santo Domingo, _c1977. |
||
| 300 |
_a2 volúmenes ; _c24 cm. |
||
| 336 |
_atexto _btxt _2rdacontent |
||
| 337 |
_asin mediación _bn _2rdamedia |
||
| 338 |
_avolumen _bnc _2rdacarrier |
||
| 490 | 0 |
_aCultura dominicana _v11 |
|
| 500 | _aIncluye índice de autores citados | ||
| 590 | _aInventariado, 2018/LP | ||
| 650 | 4 |
_aIndígenas de las Antillas _xLenguas _vDiccionarios _919502 |
|
| 650 | 4 |
_aIndígenas de la española (Haití y República Dominicana) _xLenguas _vDiccionarios _924009 |
|
| 650 | 4 |
_aTaínos _xLenguas _vDiccionarios _919503 |
|
| 910 | _aValidado. Control de calidad BNPHU | ||
| 942 |
_2ddc _cLBS1 |
||
| 999 |
_c9047 _d9047 |
||